书目信息 |
| 题名: |
校本课程开发中的教师与校长
|
|
| 作者: | 傅建明 著 | |
| 分册: | ||
| 出版信息: | 广州 广东教育出版社 2003 |
|
| 页数: | 278页 | |
| 开本: | 20cm | |
| 丛书名: | 走向新课程丛书 | |
| 单 册: | ||
| 中图分类: | G423.07 | |
| 科图分类: | ||
| 主题词: | 课程--理论 , 课程改革 | |
| 电子资源: | ||
| ISBN: | 7-5406-5061-3 | |
| 000 | 00992oam2 2200277 450 | |
| 001 | 05002359700 | |
| 005 | 20051008144232.65 | |
| 010 | @a7-5406-5061-3@dCNY20.00 | |
| 100 | @a20050122d2003 ekmy0chiy0120 ea | |
| 101 | 0 | @achi |
| 102 | @aCN@b440000 | |
| 105 | @ay az 000yy | |
| 200 | 1 | @a校本课程开发中的教师与校长@9jiao ben ke cheng kai fa zhong de jiao shi yu xiao zhang@e面向21世纪基础教育课程改革@f傅建明著@Ffu jian ming zhu |
| 210 | @a广州@c广东教育出版社@d2003 | |
| 215 | @a278页@d20cm | |
| 225 | 2 | @a走向新课程丛书 |
| 320 | @a有书目 | |
| 330 | @a本书主要探讨在校本课程开发背景下,教师和校长应该承担什么样的角色,应该具备什么样的素质,如何促进教师的专业发展等内容。 | |
| 461 | 0 | @12001 @a走向新课程丛书 |
| 517 | 1 | @a面向21世纪基础教育课程改革@9mian xiang 21 shi ji ji chu jiao yu ke cheng gai ge |
| 606 | 0 | @a课程@x理论 |
| 606 | 0 | @a课程改革 |
| 690 | @aG423.07@v4 | |
| 701 | 0 | @a傅建明@Afu jian ming@4著 |
| 801 | 0 | @aCN@bTSSF@c20051008 |
| 905 | @a10447@dG423.07@e107 | |
| 校本课程开发中的教师与校长:面向21世纪基础教育课程改革/傅建明著.-广州:广东教育出版社,2003 |
| 278页;20cm.-(走向新课程丛书) |
| ISBN 7-5406-5061-3:CNY20.00 |
| 本书主要探讨在校本课程开发背景下,教师和校长应该承担什么样的角色,应该具备什么样的素质,如何促进教师的专业发展等内容。 |
| ● |
| 相关链接 |
|
|
|
|
正题名:校本课程开发中的教师与校长
索取号:G423.07/107
 
预约/预借
| 序号 | 登录号 | 条形码 | 馆藏地/架位号 | 状态 | 备注 |
| 1 | 0364165 | 3641651 | 第一样本阅览室/ [索取号:G423.07/107] | 在馆 | |
| 2 | 0364166 | 3641660 | 第四借阅区/ [索取号:G423.07/107] | 在馆 | |
| 3 | 0364167 | 3641679 | 第四借阅区/ [索取号:G423.07/107] | 在馆 | |
| 4 | 0364168 | 3641688 | 第四借阅区/ [索取号:G423.07/107] | 在馆 | |
| 5 | 0364169 | 3641697 | 密集书库/ [索取号:G423.07/107] | 在馆 | |
| 6 | 0364170 | 3641704 | 第四借阅区/ [索取号:G423.07/107] | 在馆 | |
| 7 | 0364171 | 3641713 | 密集书库/ [索取号:G423.07/107] | 在馆 | |
| 8 | 0364172 | 3641722 | 第四借阅区/ [索取号:G423.07/107] | 在馆 |